Loading...
| Current Events | 3 | 6.67 | 67% | 0% | 0% |
| Fine Arts - Classical Music | 5 | 18.00 | 100% | 80% | 0% |
| Fine Arts - Other Fine Arts | 8 | 17.50 | 100% | 63% | 13% |
| Fine Arts - Painting and Sculpture | 3 | 16.67 | 67% | 100% | 0% |
| Geography | 2 | 15.00 | 100% | 50% | 0% |
| History - American History | 6 | 18.33 | 83% | 100% | 0% |
| History - European History | 8 | 21.25 | 100% | 75% | 38% |
| History - Other History | 8 | 16.25 | 100% | 50% | 13% |
| History - World History | 8 | 21.25 | 100% | 75% | 38% |
| Literature - American Literature | 8 | 16.25 | 100% | 50% | 13% |
| Literature - British Literature | 8 | 20.00 | 100% | 63% | 38% |
| Literature - European Literature | 6 | 18.33 | 83% | 83% | 17% |
| Literature - World Literature | 7 | 20.00 | 100% | 57% | 43% |
| Mythology | 7 | 18.57 | 100% | 86% | 0% |
| Other Academic | 2 | 15.00 | 100% | 50% | 0% |
| Philosophy | 4 | 20.00 | 100% | 100% | 0% |
| Pop Culture | 1 | 10.00 | 100% | 0% | 0% |
| Religion | 6 | 16.67 | 100% | 50% | 17% |
| Science - Biology | 7 | 12.86 | 100% | 14% | 14% |
| Science - Chemistry | 6 | 11.67 | 100% | 17% | 0% |
| Science - Other Science | 5 | 8.00 | 40% | 20% | 20% |
| Science - Physics | 6 | 13.33 | 83% | 33% | 17% |
| Social Science | 7 | 17.14 | 100% | 71% | 0% |